The negotiation handbook / (Record no. 591584)

000 -LEADER
fixed length control field 00906cam a22002654a 4500
001 - CONTROL NUMBER
control field 12064487
005 - DATE AND TIME OF LATEST TRANSACTION
control field 20221010100551.0
008 - FIXED-LENGTH DATA ELEMENTS--GENERAL INFORMATION
fixed length control field 000620s2001 nyu 001 0 eng
010 ## - LIBRARY OF CONGRESS CONTROL NUMBER
LC control number 00056329
020 ## - INTERNATIONAL STANDARD BOOK NUMBER
International Standard Book Number 0765607204 (alk. paper)
020 ## - INTERNATIONAL STANDARD BOOK NUMBER
International Standard Book Number 0765607212 (pbk. : alk. paper)
040 ## - CATALOGING SOURCE
Original cataloging agency DLC
Transcribing agency DLC
Modifying agency DLC
042 ## - AUTHENTICATION CODE
Authentication code pcc
050 00 - LIBRARY OF CONGRESS CALL NUMBER
Classification number HD58.6
Item number .C57 2001
082 00 - DEWEY DECIMAL CLASSIFICATION NUMBER
Classification number 658.4052
Author Mark CLE
100 1# - MAIN ENTRY--PERSONAL NAME
Personal name Cleary, Patrick J.
9 (RLIN) 99580
245 14 - TITLE STATEMENT
Title The negotiation handbook /
Statement of responsibility, etc. Patrick J. Cleary.
260 ## - PUBLICATION, DISTRIBUTION, ETC.
Place of publication, distribution, etc. New Delhi :
Name of publisher, distributor, etc. Prentice-Hall,
Date of publication, distribution, etc. 2001.
300 ## - PHYSICAL DESCRIPTION
Extent xiv, 179 p. ;
Dimensions 22 cm.
500 ## - GENERAL NOTE
General note Includes index.
650 #0 - SUBJECT ADDED ENTRY--TOPICAL TERM
Topical term or geographic name entry element Negotiation in business.
9 (RLIN) 12378
906 ## - LOCAL DATA ELEMENT F, LDF (RLIN)
a 7
b cbc
c orignew
d 1
e ocip
f 20
g y-gencatlg
942 ## - ADDED ENTRY ELEMENTS (KOHA)
Source of classification or shelving scheme
Koha item type Book
Holdings
Withdrawn status Lost status Source of classification or shelving scheme Damaged status Not for loan Permanent Location Current Location Shelving location Date acquired Source of acquisition Total Checkouts Full call number Barcode Date last seen Price effective from Koha item type
          Central Library (CL) Central Library (CL) Chinese Studies 10/17/2022 Donated by Chinese embassy in Pakistan   658.4052 CLE CL-D-1906 10/17/2022 10/17/2022 Book
© 2023 Central Library, National University of Sciences and Technology. All Rights Reserved.